000 00807nam a2200277Ia 4500
001 Para_7137
003 CHAP
008 220125s1942 xx 000 0 und d
010 _a206023
040 _cCHAP
082 _aPA 634.334 S83
100 _aSánchez Colín, Salvador
_9107431
245 _aCultivo del limonero industrialización del limón /
_c por Salvador Sánchez Colín
260 _aMéxico :
_b Dirección General de Agricultura
300 _a394 p.
650 _aLimón
_966813
650 _aLimón
_x industria
_966834
710 _aMéxico. Dirección General de Agricultura
_976952
901 _aPA 634.334 S83
902 _aA
905 _a0000001942 0000000000 00
910 _a1942
942 _cPARA
942 _cPARA
_d1
999 _c206023
_d206023